Responses for Show #5776 - Monday, October 26, 2009

Christine Valada game 1.

Contestants

[<< previous game]

Justin Gilbert, a gelato maker from Louisville, Kentucky

Christine Valada, a photographer and attorney originally from Walton, New York

Johnny Forrest, a patent agent from Washington, D.C. (whose 1-day cash winnings total $20,001)

[next game >>]

Jeopardy! Round responses

WHO
WHAT
WHEN
WHERE
"Y"
& HOW
    $200 6
(Johnny: Who is Doherty?)

Pete Townshend

JohnnyJustin
    $200 24
a divining rod

Johnny
    $200 21
Paul Revere

Christine
    $200 16
The Little Mermaid

Johnny
    $200 1
yolk

Johnny
    $200 11
(Johnny: What's blow a kiss?)
...
(Alex: How do you [*]? Yeah. That's what she said to Humphrey Bogart.)

whistle

JohnnyChristine
    $400 7
Tommy

Johnny
    $400 22
Harpers Ferry

Christine
    $400 17
the Taj Mahal

Christine
    $400 2
yada yada yada

Justin
    $400 12
(Johnny: What is lie?)

fire someone

JohnnyChristine
    $600 8
Keith Moon

Justin
    $600 23
(Alex: With less than a minute to go.)

Margaret Thatcher

Johnny
    $600 18
(Johnny: What's the Arc de Triomphe?)

the Eiffel Tower

JohnnyChristine
    $600 3
(Johnny: What's "Wild Blue [*]"?)

yonder

Johnny
    $600 13
break down a door

Christine
    $800 9
CSI

Christine
    $1,000 19
Buckingham Palace

Christine
    $800 4
a yen

Johnny
    $800 14
wax a car

Johnny
    $1000 10
"Behind Blue Eyes"

Johnny
    $1000 25
a hemidemisemiquaver

Triple Stumper
    $1000 26
[The end-of-round signal sounds.]

BolĂ­var

Justin
    $1000 20
(Johnny: What's the Cristo Redentor statue?)
(Christine: What is--what is Christ the Redeemer?)

Sugarloaf Mountain

JohnnyChristine
Triple Stumper
    $1000 5
(Justin: What is Yuma?)

Yucca

ChristineJustin
    $1000 15
clean a coffee pot

Christine

Scores at the first commercial break (after clue 15):

Johnny Christine Justin
$3,000 $4,000 $200

Scores at the end of the Jeopardy! Round:

Johnny Christine Justin
$2,400 $5,600 $1,200

Double Jeopardy! Round responses

HOLLOW
"EEN"
BIOLOGY
I THINK I LOVE HUGH
FILL IN THE AUTHOR
AUTO RACING 101
(Alex: My ride and my strategy for the Toyota Pro/Celebrity Race.)
    $400 22
horns

Johnny
    $400 9
a canteen

Johnny
    $400 4
an immune system

Johnny
    $400 12
Hugh Hefner

Johnny
    $400 17
Henry James

Christine
    $400 1
(Justin: What is a Yaris?)

a Scion

Justin
Triple Stumper
    $1,000 25
Sleepy Hollow

Christine
    $800 10
a screensaver

Johnny
    $800 5
three

Johnny
    $800 13
Hugh Grant

Justin
    $800 18
D.H. Lawrence

Justin
    $800 2
(Johnny: What's a spoiler?)

suspension

Johnny
Triple Stumper
    $1200 26
bamboo

Christine
    $1200 11
preen

Christine
    $2,000 6
(Johnny: Uh, what's the stamen?)

the stigma

Johnny
    $1200 14
Hugh Lofting

Christine
    $1200 19
(Alex: Tevye--Fiddler on the Roof--[*].)

Sholem Aleichem

Triple Stumper
    $1200 3
RPM

Johnny
    $1600 27
Connecticut

Christine
    $1600 23
(Alex: Good, with a minute to go.)

the spleen

Johnny
    $1600 7
leukocytes

Johnny
    $1600 15
Hugh Dancy

Triple Stumper
    $1600 20
(Christine: Who is Saul Bellows?)
(Johnny: Who is Saul Bellow?)

Samuel Butler

JohnnyChristine
Triple Stumper
    $2000 28
[The end-of-round signal sounds.]

a didgeridoo

Christine
    $2000 24
Aberdeen

Christine
    $2000 8
meiosis

Johnny
    $2000 16
Hugh Downs

Justin
    $2000 21
Daniel Defoe

Justin

Scores at the end of the Double Jeopardy! Round:

Johnny Christine Justin
$7,600 $14,600 $6,400

[wagering suggestions for these scores]

Final Jeopardy! Round responses

GODDESSES
(Alex: Yes, the [*]nian Sea.)
JustinWho Gal:i
$1,300
JohnnyWho is Io?
$7,500
ChristineWho is Io?
$601
Io

Final scores:

Johnny Christine Justin
$15,100 $15,201 $5,100
2nd place: $2,000 New champion: $15,201 3rd place: $1,000

Game dynamics:

Coryat scores:

Johnny Christine Justin
$9,600 $14,200 $6,400
19 R,
8 W
(including 1 DD)
19 R
(including 2 DDs),
2 W
8 R,
2 W

Combined Coryat: $30,200

[game clues] [game scores] [suggest correction]

Game tape date: 2009-09-29
The J! Archive is created by fans, for fans. Scraping, republication, monetization, and malicious use prohibited; this site may use cookies and collect identifying information. See terms. The Jeopardy! game show and all elements thereof, including but not limited to copyright and trademark thereto, are the property of Jeopardy Productions, Inc. and are protected under law. This website is not affiliated with, sponsored by, or operated by Jeopardy Productions, Inc. Join the discussion at JBoard.tv.